[Event "Jamshedpur Abled op 4th"]
[Site "Jamshedpur"]
[Date "2024.06.25"]
[Round "1"]
[White "Suresh, Agarwal"]
[Black "Karandeep, Singh"]
[Result "1-0"]
[WhiteElo "1558"]
[BlackElo "1494"]
[PlyCount "141"]
[EventDate "2024.06.25"]
[EventType "swiss"]
[EventRounds "9"]
[EventCountry "IND"]
[SourceTitle "EXT 2025"]
[Source "ChessBase"]
[SourceDate "2024.10.14"]
[SourceVersion "1"]
[SourceVersionDate "2024.10.14"]
[SourceQuality "1"]

1. e4 e5 2. Nf3 Nc6 3. Bc4 h6 4. Nc3 Nf6 5. d3 Bb4 6. Bd2 d6 7. h3 Qe7 8. a3 Bxc3 9. Bxc3 Bd7 10. 0-0 0-0-0 11. b4 g5 12. Qd2 g4 13. hxg4 h5 14. g5 Nh7 15. Qe3 Rdg8 16. b5 Nd4 17. Nxd4 exd4 18. Bxd4 f6 19. Bxg8 Rxg8 20. gxf6 Nxf6 21. Bxf6 Qxf6 22. Qxa7 Be6 23. Qe3 h4 24. Kh2 Qe5+ 25. f4 Qg7 26. Qf2 h3 27. g3 d5 28. e5 Qg4 29. Rab1 Bd7 30. a4 c6 31. Qf3 Qf5 32. Qf2 Qg4 33. Qf3 Qf5 34. Rb2 Qh7 35. Rg1 Rg6 36. Rb3 Kb8 37. Rgb1 Qg7 38. d4 Bg4 39. Qe3 Qd7 40. Qc3 Ka8 41. Qa5+ Kb8 42. bxc6 Rxc6 43. Rxb7+ Qxb7 44. Rxb7+ Kxb7 45. Qb4+ Kc7 46. c3 Rb6 47. Qc5+ Rc6 48. Qa7+ Kd8 49. Qa8+ Kd7 50. Qb7+ Rc7 51. Qxd5+ Kc8 52. Qg8+ Kb7 53. Qxg4 Rxc3 54. Qd7+ Rc7 55. Qb5+ Kc8 56. Qb2 Rb7 57. Qc2+ Rc7 58. Qd3 Ra7 59. a5 Rxa5 60. Qc3+ Kd7 61. Qxa5 Ke6 62. Qc5 Kf5 63. Kxh3 Ke4 64. d5 Kd3 65. d6 Ke2 66. d7 Ke1 67. d8R Ke2 68. Qc3 Kf1 69. Rd1+ Ke2 70. Rd2+ Ke1 71. Qc1# 1-0